Statistiques concernant Séries technologiques au lycée (complète)

Cliquez ici pour prendre le quiz!

Statistiques générales

  • Ce quiz a été pris 5 fois
  • Le résultat moyen est 4 sur 8

Statistiques - réponses

Réponses% Correct
Sciences et Technologies de Laboratoire
80%
Sciences et Technologies du Management et de la Gestion
80%
Sciences et Technologies de la Santé et du Social
60%
Sciences et Technologies de l'Industrie et du Développement Durable
60%
Sciences et Technologies de l'Agronomie et du Vivant
40%
Sciences et Technologies de l'Hôtellerie et de la Restauration
40%
Sciences et techniques du Théâtre, de la Musique et de la Danse
0%
Sciences et Technologie du Design et des Arts Appliqués
0%

Distribution des résultats

Percentile par nombre de réponses

% des personnes avec chaque résultat

Votre développement - résultats

Vous n’avez pas pris ce quiz